The Norton reader : (Record no. 186802)

000 -LEADER
fixed length control field 01149 a2200241 4500
003 - CONTROL NUMBER IDENTIFIER
control field Nust
005 - DATE AND TIME OF LATEST TRANSACTION
control field 20230123112134.0
010 ## - LIBRARY OF CONGRESS CONTROL NUMBER
LC control number 79028421
020 ## - INTERNATIONAL STANDARD BOOK NUMBER
International Standard Book Number 0393951138
040 ## - CATALOGING SOURCE
Transcribing agency Nust
082 00 - DEWEY DECIMAL CLASSIFICATION NUMBER
Classification number 808.888,NOR
100 1# - MAIN ENTRY--PERSONAL NAME
Personal name Eastman, Arthur M.,
9 (RLIN) 107381
245 14 - TITLE STATEMENT
Title The Norton reader :
Remainder of title an anthology of expository prose /
Statement of responsibility, etc. Arthur M. Eastman, general editor, Caesar R. Blake ... [et al.].
250 ## - EDITION STATEMENT
Edition statement 5th ed.
260 ## - PUBLICATION, DISTRIBUTION, ETC.
Place of publication, distribution, etc. New York :
Name of publisher, distributor, etc. W. W. Norton,
Date of publication, distribution, etc. c1980.
300 ## - PHYSICAL DESCRIPTION
Extent xx, 690 p. ;
Dimensions 21 cm.
505 ## - FORMATTED CONTENTS NOTE
Formatted contents note Personal Report (Page-1), Mind (Page-80), Education (Page-118), Languages and Communications (Page-157), Literature and the Arts (Page-235), Signs of The Times (Page-279), People Place (Page-327), Human Nature (Page-377), Ethic (Page-432), Politics and Government (Page-463), History (Page-530), Science (Page-584), Philosophy and Religion (Page-629).
650 #0 - SUBJECT ADDED ENTRY--TOPICAL TERM
Topical term or geographic name entry element College readers.
9 (RLIN) 21927
650 #0 - SUBJECT ADDED ENTRY--TOPICAL TERM
Topical term or geographic name entry element English language
General subdivision Rhetoric
-- Problems, exercises, etc.
9 (RLIN) 107382
650 #0 - SUBJECT ADDED ENTRY--TOPICAL TERM
Topical term or geographic name entry element Exposition (Rhetoric)
General subdivision Problems, exercises, etc.
9 (RLIN) 107383
650 #0 - SUBJECT ADDED ENTRY--TOPICAL TERM
Topical term or geographic name entry element Report writing
General subdivision Problems, exercises, etc.
9 (RLIN) 107384
942 ## - ADDED ENTRY ELEMENTS (KOHA)
Source of classification or shelving scheme
Koha item type Book
Holdings
Withdrawn status Lost status Source of classification or shelving scheme Damaged status Not for loan Permanent Location Current Location Shelving location Date acquired Full call number Barcode Date last seen Price effective from Koha item type Public note
          Military College of Signals (MCS) Military College of Signals (MCS) General Stacks 12/12/2016 808.888,NOR MCS5719 12/08/2016 12/12/2016 Book Almirah No.57, Shelf No.3
© 2023 Central Library, National University of Sciences and Technology. All Rights Reserved.